Multiculturalism in the management of foreign companies operating in Slovakia dizertačná práca

Salvato in:
Dettagli Bibliografici
Autore principale: Pechersky, Alexander, 1988-
Ente Autore: Obchodná fakulta EU. Katedra marketingu
Altri autori: Oreský, Milan, 1956-
Natura: Libro
Lingua:inglese
Pubblicazione: Bratislava 2020
Soggetti:
Tags: Aggiungi Tag
Nessun Tag, puoi essere il primo ad aggiungerne!!

MARC

LEADER 00000nbm a2200000 4500
001 0267170
005 20230302102224.0
041 0 |a eng 
044 |a SK 
245 1 0 |a Multiculturalism in the management of foreign companies operating in Slovakia  |b dizertačná práca  |c Alexander Pechersky ; školiteľ: Milan Oreský 
264 1 |a Bratislava  |c 2020 
300 |a 147 s. 
610 2 0 |a multikulturalizmus 
610 2 0 |a manažment 
610 2 0 |a podnik zahraničný 
610 2 0 |a kultúra podniková 
610 2 0 |a Slovensko 
100 1 |a Pechersky, Alexander, 1988- 
700 1 |a Oreský, Milan, 1956- 
710 2 |a Obchodná fakulta EU. Katedra marketingu